Testing and applying a theory of utility (Registro nro. 27020)

Detalles MARC
000 -LEADER
fixed length control field 00388 a2200133 4500
001 - CONTROL NUMBER
control field ART_14763
005 - DATE AND TIME OF LATEST TRANSACTION
control field 20260410161913.0
008 - FIXED-LENGTH DATA ELEMENTS--GENERAL INFORMATION
fixed length control field 260409a
100 1# - MAIN ENTRY--PERSONAL NAME
Personal name Van Praag, Bernard
245 10 - TITLE STATEMENT
Title Testing and applying a theory of utility
700 1# - ADDED ENTRY--PERSONAL NAME
Personal name Bouma, N.
700 1# - ADDED ENTRY--PERSONAL NAME
Personal name Tinbergen, Jan
773 0# - HOST ITEM ENTRY
Title European economic review
Related parts - Vol. 8, Nº 2 (ago. 1976)
Record control number REV13346

No hay ítems disponibles.